[Event "Moscow-Open 2021_B"]
[Site "Moscow"]
[Date "2021.02.24"]
[Round "5.29"]
[White "Kalenichenko, Alina"]
[Black "Salakhova, Adelya"]
[Result "1-0"]
[WhiteElo "1638"]
[BlackElo "1875"]
[PlyCount "69"]
[EventDate "2021.02.20"]

1. d4 d5 2. c4 c6 3. cxd5 cxd5 4. Nc3 e5 5. e3 e4 6. Nge2 Nf6 7. Nf4 Be6 8. Be2
Nc6 9. f3 Bf5 10. O-O Bd6 11. fxe4 dxe4 12. Nb5 Ne7 13. Nxd6+ Qxd6 14. b3 O-O-O
15. a4 a6 16. Ba3 Qd7 17. b4 g5 18. Nh5 Nfd5 19. b5 Kb8 20. Qd2 Be6 21. Bxe7
Qxe7 22. bxa6 Rd7 23. Rab1 Rc8 24. axb7 Rc3 25. Nf6 Rdc7 26. Nxe4 Rc2 27. Qa5
Rxb7 28. Nc5 Rbb2 29. Na6+ Kb7 30. Rxb2+ Rxb2 31. Bf3 Qd6 32. Rc1 Rb6 33. Bxd5+
Bxd5 34. Rc7+ Ka8 35. Nc5+ 1-0

[Event "Moscow-Open 2021_B"]
[Site "Moscow"]
[Date "2021.02.24"]
[Round "5.30"]
[White "Zavivaeva, Emilia"]
[Black "Barkasheva, Sofia"]
[Result "1-0"]
[WhiteElo "1826"]
[BlackElo "1634"]
[PlyCount "99"]
[EventDate "2021.02.20"]

1. d4 Nf6 2. Nf3 g6 3. e3 Bg7 4. Be2 d6 5. c4 O-O 6. b3 Nbd7 7. Bb2 b6 8. O-O
Bb7 9. Nc3 Ne4 10. Qc2 Ndf6 11. d5 Nxc3 12. Bxc3 e6 13. e4 e5 14. b4 Nh5 15.
Bd2 Nf4 16. Bd1 f5 17. g3 fxe4 18. Qxe4 Nh5 19. Ng5 Nf6 20. Qg2 Bc8 21. Bc2 Nh5
22. Rad1 Bd7 23. c5 Qe7 24. Bb3 h6 25. Ne6 Bxe6 26. cxd6 cxd6 27. dxe6 Nf6 28.
b5 Rac8 29. Bb4 Ne8 30. Rd3 Kh7 31. Rfd1 Rd8 32. Qc6 Qf6 33. R1d2 Qe7 34. Bxd6
Nxd6 35. Rxd6 Rc8 36. Qe4 Rc1+ 37. Rd1 Qxd6 38. Rxc1 Qd2 39. Rc2 Qd1+ 40. Kg2
Qd6 41. Qc6 Qe7 42. Rd2 Qf6 43. Bc2 a5 44. f3 Qg5 45. Qd7 Qf6 46. Be4 Rg8 47.
e7 Qg5 48. Rd6 Qc1 49. Bxg6+ Kh8 50. e8=Q 1-0

[Event "Moscow-Open 2021_B"]
[Site "Moscow"]
[Date "2021.02.24"]
[Round "5.31"]
[White "Naumova, Alexandra"]
[Black "Khegai, Darya"]
[Result "1-0"]
[WhiteElo "1800"]
[BlackElo "1566"]
[PlyCount "149"]
[EventDate "2021.02.20"]

1. e4 c6 2. d4 d5 3. Nc3 dxe4 4. Nxe4 Nd7 5. Ng5 Ngf6 6. Bd3 e6 7. N1f3 Bd6 8.
Qe2 Nb6 9. O-O h6 10. Ne4 Nxe4 11. Qxe4 Nd7 12. Qg4 Kf8 13. Qe4 Qc7 14. b3 Nf6
15. Qe2 Ng4 16. h3 Nh2 17. Re1 Nxf3+ 18. Qxf3 Qa5 19. Bb2 Qg5 20. Be4 Bd7 21.
c4 f5 22. Bd3 Qf4 23. Qxf4 Bxf4 24. Ba3+ Kf7 25. Bxf5 Bd2 26. Re2 Bc3 27. Rd1
exf5 28. Re7+ Kf6 29. Rxd7 b6 30. Rd6+ Kg5 31. Rxc6 Rae8 32. Kf1 Re4 33. f3
Rxd4 34. Rxd4 Bxd4 35. Re6 Bf6 36. g3 Kg6 37. Ke2 Rc8 38. Rd6 Kh7 39. Rd7 Re8+
40. Kd2 a5 41. Bd6 Bd4 42. Bf4 Bc5 43. Bd6 Bd4 44. Kd3 Bf2 45. Bf4 Bc5 46. Rd5
Kg6 47. Re5 Rd8+ 48. Kc2 Kf6 49. Re2 Rd7 50. Be5+ Kf7 51. Rd2 Re7 52. f4 Ra7
53. Bd4 Bxd4 54. Rxd4 Re7 55. Kd2 a4 56. Rd6 axb3 57. axb3 Rb7 58. Kd3 Ke7 59.
Rd5 Ke6 60. g4 fxg4 61. hxg4 Ra7 62. Ke4 Ra1 63. Rb5 Ra6 64. f5+ Kd6 65. Re5
Kc7 66. Kd5 Ra1 67. Ke6 Rg1 68. Re4 h5 69. gxh5 Rh1 70. Rg4 Rxh5 71. Rxg7+ Kc6
72. Rg3 Rh1 73. Re3 Rd1 74. f6 Rh1 75. f7 1-0

[Event "Moscow-Open 2021_B"]
[Site "Moscow"]
[Date "2021.02.24"]
[Round "5.32"]
[White "Zagrebina, Marina"]
[Black "Tumashevich, Elizaveta"]
[Result "1/2-1/2"]
[WhiteElo "1382"]
[BlackElo "1732"]
[PlyCount "68"]
[EventDate "2021.02.20"]

1. d4 Nf6 2. c4 g6 3. Nc3 d5 4. e3 Bg7 5. Nf3 O-O 6. cxd5 Nxd5 7. Bc4 Nxc3 8.
bxc3 c5 9. O-O Nc6 10. Ba3 cxd4 11. cxd4 Qa5 12. Qb3 Rb8 13. Bb2 Bg4 14. Be2 h6
15. Rfc1 Rfc8 16. Rc5 Qd8 17. Rac1 Na5 18. Qa3 Rxc5 19. Rxc5 b6 20. Rc1 Bf8 21.
h3 Bc8 22. Ne5 e6 23. Qc3 Bd6 24. d5 Qf6 25. Ng4 Qxc3 26. Bxc3 h5 27. Nf6+ Kf8
28. Rd1 Nb7 29. Ba6 Nc5 30. Nh7+ Kg8 31. Nf6+ Kf8 32. Nh7+ Kg8 33. Nf6+ Kf8 34.
Nh7+ Kg8 1/2-1/2

[Event "Moscow-Open 2021_B"]
[Site "Moscow"]
[Date "2021.02.24"]
[Round "5.33"]
[White "Ponomareva, Varvara"]
[Black "Tsamalaidze, Liana"]
[Result "1-0"]
[WhiteElo "1663"]
[BlackElo "1446"]
[PlyCount "89"]
[EventDate "2021.02.20"]

1. d4 Nf6 2. c4 e6 3. Nc3 Bb4 4. e3 d5 5. a3 Be7 6. Nge2 O-O 7. Ng3 b6 8. Bd3
Bb7 9. O-O c5 10. cxd5 Nxd5 11. Qc2 h6 12. dxc5 Bxc5 13. b4 Be7 14. Rd1 Qc8 15.
Bb2 Nd7 16. Rac1 Nxc3 17. Bxc3 Bf6 18. Bb5 Bc6 19. Bxf6 Bxb5 20. Qb2 Qb7 21.
Bxg7 Rfe8 22. Bxh6 f6 23. Qc2 Ne5 24. f4 Rac8 25. Qe4 Qxe4 26. Nxe4 Ng4 27. Nd6
Rxc1 28. Rxc1 Nxh6 29. Nxb5 a6 30. Nd6 Rd8 31. Rc8 Nf7 32. Rxd8+ Nxd8 33. g4
Kf8 34. h4 b5 35. h5 Ke7 36. Ne4 f5 37. Ng5 Nb7 38. h6 Kf6 39. Nxe6 Kg6 40. g5
Nd6 41. Nf8+ Kf7 42. h7 Kg7 43. g6 Ne4 44. Ne6+ Kh8 45. Nd8 1-0

[Event "Moscow-Open 2021_B"]
[Site "Moscow"]
[Date "2021.02.24"]
[Round "5.34"]
[White "Shevtsova, Stefania"]
[Black "Novikova, Daria"]
[Result "0-1"]
[WhiteElo "1654"]
[BlackElo "1430"]
[PlyCount "78"]
[EventDate "2021.02.20"]

1. e4 c5 2. c3 e6 3. Nf3 d5 4. exd5 exd5 5. d4 Nc6 6. Be2 Bf5 7. O-O Bd6 8.
dxc5 Bxc5 9. Nbd2 Nf6 10. Nb3 Bd6 11. Bg5 Be4 12. Nbd2 O-O 13. Nxe4 dxe4 14.
Nd2 Re8 15. Qc2 Qe7 16. Rfe1 Qe5 17. f4 exf3 18. Nxf3 Qc5+ 19. Kh1 Ne4 20. Bh4
g5 21. Bd3 gxh4 22. Bxe4 Qh5 23. Rad1 Bf4 24. Rd5 Qh6 25. Rd7 Ne5 26. Nxe5 Rxe5
27. Red1 Rae8 28. Bd3 Re1+ 29. Bf1 h3 30. Qf2 R8e2 31. Rd8+ Kg7 32. Qd4+ Qf6
33. Rxe1 hxg2+ 34. Bxg2 Rxe1+ 35. Bf1 Rxf1+ 36. Kg2 Bg5 37. Rd5 h6 38. h4 Bxh4
39. Qg4+ Bg5 0-1

[Event "Moscow-Open 2021_B"]
[Site "Moscow"]
[Date "2021.02.24"]
[Round "5.35"]
[White "Yusupova, Elina"]
[Black "Uzintseva, Daria"]
[Result "1/2-1/2"]
[WhiteElo "1575"]
[BlackElo "1326"]
[PlyCount "98"]
[EventDate "2021.02.20"]

1. d4 Nf6 2. Nf3 e6 3. e3 b6 4. Bd3 Bb7 5. b3 Be7 6. Bb2 O-O 7. O-O c5 8. Nbd2
d5 9. Ne5 Nc6 10. a3 Nd7 11. f4 f6 12. Qh5 f5 13. Nxd7 Qxd7 14. dxc5 bxc5 15.
Nf3 Bf6 16. Bxf6 Rxf6 17. Bb5 Qc7 18. Bxc6 Bxc6 19. Ne5 Rff8 20. Nxc6 Qxc6 21.
Qf3 Rac8 22. Rfd1 Qb6 23. Rab1 Qa6 24. a4 c4 25. Qe2 Rc7 26. h3 Qa5 27. g4 cxb3
28. cxb3 g6 29. Rb2 Rfc8 30. Rdd2 Qc3 31. Kh2 Qb4 32. Rd4 Qc3 33. Kg3 Qc1 34.
Rd1 Qc3 35. Rdd2 Qb4 36. Rd4 Qc3 37. Kf2 Qc1 38. Rd1 Qxb2 39. Qxb2 Rc2+ 40. Rd2
Rxb2 41. Rxb2 a5 42. b4 axb4 43. Rxb4 Rc2+ 44. Kg3 Ra2 45. Rb8+ Kg7 46. Ra8 h6
47. gxf5 exf5 48. a5 Kh7 49. a6 Kg7 1/2-1/2

[Event "Moscow-Open 2021_B"]
[Site "Moscow"]
[Date "2021.02.24"]
[Round "5.36"]
[White "Khamnueva, Maria"]
[Black "Gurgenidze, Alexandra"]
[Result "1/2-1/2"]
[WhiteElo "1853"]
[BlackElo "1415"]
[PlyCount "80"]
[EventDate "2021.02.20"]

{[%evp 0,51,18,11,100,66,112,98,116,41,41,26,74,45,48,34,34,36,22,30,47,5,32,
23,29,-48,-38,-38,-38,-38,16,-61,24,-15,-12,-46,-80,-84,-47,-73,-8,-2,0,-51,
-59,-61,-48,-41,-31,-31,-15,-24,-23,-26]} 1. e4 c5 2. Nf3 d6 3. d4 cxd4 4. Nxd4
Nf6 5. Nc3 a6 6. Be3 e5 7. Nb3 Be6 8. f3 Be7 9. Qd2 O-O 10. O-O-O b5 11. g4
Nbd7 12. Nd5 Bxd5 13. exd5 Nb6 14. Na5 Qc7 15. Nc6 Rfe8 16. Nxe7+ Rxe7 17. Bg5
Nbxd5 18. Bxf6 Nxf6 19. Qxd6 Rc8 20. Qxc7 Rexc7 21. Bd3 e4 22. fxe4 Nxg4 23.
Rd2 Ne5 24. Be2 Nc4 25. Bxc4 Rxc4 26. Re1 a5 27. b3 R4c5 28. Red1 h6 29. Rd8+
Rxd8 30. Rxd8+ Kh7 31. Rd5 Rxd5 32. exd5 Kg6 33. c4 bxc4 34. bxc4 Kf6 35. c5
Ke7 36. Kd2 g5 37. Ke3 f5 38. Kd4 f4 39. Ke4 Kd7 40. h4 a4 1/2-1/2

[Event "Moscow-Open 2021_B"]
[Site "Moscow"]
[Date "2021.02.25"]
[Round "6.7"]
[White "Yakimova, Mariya"]
[Black "Korchagina, Alena"]
[Result "1/2-1/2"]
[WhiteElo "2232"]
[BlackElo "2132"]
[PlyCount "81"]
[EventDate "2021.02.20"]

1. d4 d5 2. c4 c6 3. Nf3 Nf6 4. Nc3 a6 5. g3 Bf5 6. Bg2 e6 7. O-O Be7 8. c5 O-O
9. Bf4 Nbd7 10. b4 Nh5 11. Bd2 Qc7 12. Re1 Bg6 13. e4 dxe4 14. Nxe4 Rfd8 15.
Qb3 Ndf6 16. Nxf6+ Nxf6 17. a4 Be4 18. Bf4 Qc8 19. Be5 Bd5 20. Qb2 Nd7 21. Bf4
b6 22. Rec1 Qb7 23. Qc2 b5 24. Ng5 Bxg5 25. Bxg5 Re8 26. Bxd5 exd5 27. Re1 h6
28. Be7 Nf8 29. Bxf8 Kxf8 30. Qh7 f6 31. a5 Qd7 32. f3 Kf7 33. Qd3 Re7 34.
Rxe7+ Qxe7 35. Kf2 Re8 36. h4 Qe6 37. Rh1 h5 38. Qd2 Kg6 39. Re1 Qxe1+ 40. Qxe1
Rxe1 41. Kxe1 1/2-1/2

[Event "Moscow-Open 2021_B"]
[Site "Moscow"]
[Date "2021.02.25"]
[Round "6.8"]
[White "Zeliantsova, Kseniya"]
[Black "Illina, Natalia"]
[Result "0-1"]
[WhiteElo "2166"]
[BlackElo "2081"]
[PlyCount "76"]
[EventDate "2021.02.20"]

1. e4 c5 2. Nf3 e6 3. c4 Nc6 4. Nc3 Nd4 5. Nxd4 cxd4 6. Ne2 e5 7. Ng3 g6 8. Be2
h5 9. O-O Bh6 10. d3 Qf6 11. Bxh6 Nxh6 12. f4 exf4 13. Qd2 d6 14. Rxf4 Qe5 15.
Raf1 Be6 16. b4 O-O-O 17. c5 Kb8 18. Rc1 Rc8 19. cxd6 Rxc1+ 20. Qxc1 Qxd6 21.
Rf2 Qxb4 22. Qf4+ Ka8 23. Nf1 Ng4 24. Bxg4 hxg4 25. Rc2 Qb1 26. Qd2 Rc8 27. Rb2
Qa1 28. Qb4 b6 29. Qxd4 Bxa2 30. Qf2 Be6 31. Qf6 Rc1 32. Qd8+ Kb7 33. Rf2 a5
34. g3 a4 35. Kg2 a3 36. d4 Qb1 37. Re2 Qd3 38. Kf2 Qf3+ 0-1

[Event "Moscow-Open 2021_B"]
[Site "Moscow"]
[Date "2021.02.25"]
[Round "6.9"]
[White "Shukhman, Anna"]
[Black "Shafigullina, Zarina"]
[Result "1-0"]
[WhiteElo "1986"]
[BlackElo "2311"]
[PlyCount "95"]
[EventDate "2021.02.20"]

1. d4 Nf6 2. Nc3 d5 3. Bf4 c6 4. e3 Bf5 5. f3 e6 6. g4 Bg6 7. h4 h5 8. g5 Ng8
9. Bd3 Ne7 10. Nge2 Nf5 11. Qd2 a5 12. O-O-O a4 13. e4 Nd6 14. Qe3 Kd7 15. exd5
exd5 16. Ng3 Bxd3 17. Qxd3 g6 18. Rhe1 Kc8 19. Re2 Nc4 20. Rde1 Bd6 21. Be5
Bxe5 22. dxe5 Nd7 23. Nxd5 cxd5 24. Qxd5 Ndxe5 25. Rxe5 Nxe5 26. Qxe5 Ra5 27.
Qc3+ Kb8 28. Rd1 Qxd1+ 29. Kxd1 Rd5+ 30. Ke2 Rc8 31. Qb4 Rxc2+ 32. Ke3 a3 33.
Qf8+ Rc8 34. Qxa3 Rcd8 35. Ne4 Rd1 36. Kf4 R1d3 37. Qe7 R8d5 38. Qf8+ Ka7 39.
Nc3 Rf5+ 40. Ke4 Rdxf3 41. Nb5+ Kb6 42. Nd4 R5f4+ 43. Ke5 Rf1 44. Qb4+ Kc7 45.
Nb5+ Kb6 46. Qxf4 Rxf4 47. Kxf4 Kxb5 48. Ke5 1-0

[Event "Moscow-Open 2021_B"]
[Site "Moscow"]
[Date "2021.02.25"]
[Round "6.10"]
[White "Porozhnyak, Maya"]
[Black "Getman, Tatyana"]
[Result "0-1"]
[WhiteElo "1976"]
[BlackElo "2271"]
[PlyCount "52"]
[EventDate "2021.02.20"]

1. e4 c5 2. Nf3 d6 3. d4 cxd4 4. Nxd4 Nf6 5. Nc3 a6 6. Bg5 e6 7. f4 b5 8. e5
dxe5 9. fxe5 Qc7 10. Nf3 Nfd7 11. Be2 Nc6 12. O-O Ncxe5 13. Nd4 Bb7 14. Bg4 Bc5
15. Kh1 O-O 16. Nb3 Bd6 17. Bf4 Rad8 18. Qe2 Nf6 19. Bh3 Nd5 20. Rad1 Nxf4 21.
Rxf4 Nc4 22. Rh4 Nxb2 23. Ne4 Be7 24. Rxd8 Rxd8 25. g3 Bxh4 26. gxh4 f5 0-1

[Event "Moscow-Open 2021_B"]
[Site "Moscow"]
[Date "2021.02.25"]
[Round "6.11"]
[White "Tokmakova, Ulyana"]
[Black "Protopopova, Anastasiya"]
[Result "0-1"]
[WhiteElo "1882"]
[BlackElo "2261"]
[PlyCount "98"]
[EventDate "2021.02.20"]

1. c4 c5 2. Nf3 Nc6 3. Nc3 e5 4. g3 g6 5. Bg2 Bg7 6. O-O Nge7 7. Ne1 d6 8. Nc2
O-O 9. d3 Be6 10. Ne3 Rb8 11. Qa4 a6 12. a3 Bd7 13. b4 Nxb4 14. Qd1 Nbc6 15.
Rb1 Na5 16. Bd2 b5 17. cxb5 axb5 18. Qe1 Qc8 19. Nxb5 Rxb5 20. Bxa5 Qa6 21.
Rxb5 Bxb5 22. Nd5 Nxd5 23. Bxd5 Bc6 24. Bc4 Bb5 25. Bd5 Bc6 26. Bc4 Qb7 27. e4
Kh8 28. Bc3 f5 29. f3 Ra8 30. Qa1 Qe7 31. Rb1 fxe4 32. fxe4 Qg5 33. Qb2 Bh6 34.
Kg2 Qh5 35. Re1 Bd7 36. Bd2 Bh3+ 37. Kg1 Bg7 38. d4 Qf3 39. Bc1 exd4 40. Qe2
Qf6 41. Bd5 Rf8 42. Bc4 Ra8 43. Bd3 Rf8 44. Bc4 Bg4 45. Qb2 Qe7 46. Qa1 d3 47.
Qa2 Bd4+ 48. Be3 Qxe4 49. Bxd4+ Qxd4+ 0-1

[Event "Moscow-Open 2021_B"]
[Site "Moscow"]
[Date "2021.02.25"]
[Round "6.12"]
[White "Mikheeva, Galina"]
[Black "Nur-Mukhametova, Alisa"]
[Result "0-1"]
[WhiteElo "1873"]
[BlackElo "2212"]
[PlyCount "116"]
[EventDate "2021.02.20"]

1. e4 c5 2. Nc3 Nc6 3. g3 g6 4. Bg2 Bg7 5. d3 d6 6. f4 e6 7. Nf3 Nge7 8. Be3
Nd4 9. O-O O-O 10. e5 Nef5 11. Bf2 Nxf3+ 12. Bxf3 dxe5 13. Bxc5 exf4 14. Bxf8
Kxf8 15. Qd2 fxg3 16. hxg3 Bd4+ 17. Kh2 Be5 18. Ne4 Qh4+ 19. Kg2 Nxg3 20. Rf2
Qh2+ 21. Kxh2 Nxe4+ 22. Kh1 Nxd2 23. Rxd2 Bxb2 24. Rb1 Bd4 25. Rh2 Kg7 26. Rb4
e5 27. Rb3 Rb8 28. c3 Bb6 29. Re2 Be6 30. Rb4 Rd8 31. d4 exd4 32. cxd4 Rxd4 33.
Rxd4 Bxd4 34. Bxb7 h5 35. Re4 Bb6 36. a4 g5 37. Re5 Kf6 38. Rb5 Bd7 39. Rb4 g4
40. Bd5 Kg6 41. Bg2 h4 42. a5 Bxa5 43. Rb7 Be6 44. Rxa7 Bc3 45. Rc7 Bd4 46. Rc6
Kg5 47. Rd6 Be5 48. Ra6 h3 49. Ba8 g3 50. Ra5 f6 51. Rb5 Bc4 52. Rb1 f5 53. Re1
Kf4 54. Rc1 Bd3 55. Rd1 Ke3 56. Re1+ Kf2 57. Rxe5 g2+ 58. Bxg2 hxg2+ 0-1

[Event "Moscow-Open 2021_B"]
[Site "Moscow"]
[Date "2021.02.25"]
[Round "6.13"]
[White "Miroshnik, Ekaterina"]
[Black "Voskresenskaya, Marta"]
[Result "1-0"]
[WhiteElo "2118"]
[BlackElo "1853"]
[PlyCount "75"]
[EventDate "2021.02.20"]

1. d4 d5 2. Nf3 Nf6 3. g3 Bg4 4. Bg2 c6 5. Nbd2 Nbd7 6. O-O e6 7. b3 Be7 8. Bb2
O-O 9. c4 h6 10. Re1 Bf5 11. Ne5 Qc7 12. Nxd7 Qxd7 13. e3 Bb4 14. a3 Bxd2 15.
Qxd2 Ne4 16. Qe2 Rfe8 17. f3 Nf6 18. e4 Bg6 19. Rac1 Bh5 20. e5 Nh7 21. a4 Qd8
22. Kh1 Qg5 23. cxd5 exd5 24. Qf2 Nf8 25. f4 Qe7 26. f5 g6 27. Bc3 gxf5 28.
Qxf5 Qg5 29. Qf2 Bg4 30. Rf1 Be6 31. Bd2 Qg6 32. Qe3 h5 33. Rf6 Qg4 34. Bf3 Qg7
35. Bxh5 Ng6 36. Rcf1 Qh7 37. Qg5 Kg7 38. Kg1 1-0

[Event "Moscow-Open 2021_B"]
[Site "Moscow"]
[Date "2021.02.25"]
[Round "6.15"]
[White "Zaitseva, Lyudmila"]
[Black "Loskutova, Viktoriya"]
[Result "0-1"]
[WhiteElo "1852"]
[BlackElo "2096"]
[PlyCount "68"]
[EventDate "2021.02.20"]

1. d4 Nf6 2. c4 e6 3. g3 d5 4. Bg2 Bb4+ 5. Nd2 O-O 6. Ngf3 dxc4 7. O-O b5 8.
Ne5 Nd5 9. e4 Nb6 10. Ndf3 f6 11. Ng4 Bb7 12. Qc2 Nc6 13. Rd1 Be7 14. a3 Na5
15. Bd2 Nb3 16. Rab1 f5 17. Nh6+ gxh6 18. Bxh6 Bxe4 19. Qe2 Rf6 20. Bg5 Rg6 21.
Bxe7 Qxe7 22. Ne5 Rg7 23. Bxe4 fxe4 24. Qxe4 Nd5 25. f4 Rf8 26. Kh1 Qf6 27. a4
a6 28. Nc6 Qf5 29. Qxf5 exf5 30. Re1 Rg6 31. Ne5 Rd6 32. Rbd1 Nf6 33. Nf3 Ne4
34. Kg2 Rfd8 0-1

[Event "Moscow-Open 2021_B"]
[Site "Moscow"]
[Date "2021.02.25"]
[Round "6.16"]
[White "Danilova, Rada"]
[Black "Ilyina, Lada"]
[Result "1-0"]
[WhiteElo "2048"]
[BlackElo "1959"]
[PlyCount "109"]
[EventDate "2021.02.20"]

1. d4 Nf6 2. c4 g6 3. Nf3 Bg7 4. Nc3 O-O 5. e4 d6 6. Be2 Nbd7 7. O-O e5 8. Re1
h6 9. Bf1 exd4 10. Nxd4 Nc5 11. Rb1 Re8 12. f3 a5 13. Ndb5 Bd7 14. Be3 Ne6 15.
Qd2 Kh7 16. Rbd1 Bc6 17. Qc1 Qb8 18. b3 b6 19. Nd5 Qb7 20. Ndxc7 Nxc7 21. Nxd6
Qb8 22. Nxe8 Nfxe8 23. c5 b5 24. g3 Qb7 25. Bh3 Ne6 26. Bxe6 fxe6 27. Bd4 e5
28. Bf2 Qf7 29. Rd3 a4 30. Qd1 b4 31. Kg2 Bf6 32. Qc2 axb3 33. Qxb3 Qb7 34. Qb1
Qb5 35. Rb3 Ra4 36. a3 Rxa3 37. Rxa3 bxa3 38. Qxb5 Bxb5 39. Ra1 Nc7 40. Rxa3
Kg7 41. Ra7 Bd8 42. c6 Bxc6 43. Bb6 Kf6 44. Bxc7 Bxc7 45. Rxc7 Bb5 46. Kf2 Bd3
47. Ke3 Bf1 48. Rc6+ Kf7 49. f4 exf4+ 50. gxf4 Bh3 51. Kd4 h5 52. Ke5 Kg7 53.
Rc7+ Kh6 54. Kf6 Bg2 55. e5 1-0

[Event "Moscow-Open 2021_B"]
[Site "Moscow"]
[Date "2021.02.25"]
[Round "6.17"]
[White "Bubeeva, Larisa"]
[Black "Tarasenka, Aliaksandra"]
[Result "0-1"]
[WhiteElo "1810"]
[BlackElo "1995"]
[PlyCount "114"]
[EventDate "2021.02.20"]

1. d4 f5 2. Nf3 g6 3. Bf4 Bg7 4. e3 d6 5. h3 Nf6 6. Bc4 e6 7. O-O O-O 8. Nc3 h6
9. Bh2 Nc6 10. a3 Kh7 11. Rb1 Qe7 12. d5 exd5 13. Nxd5 Nxd5 14. Bxd5 Be6 15. c4
Qf7 16. b4 Rae8 17. Bxe6 Rxe6 18. c5 dxc5 19. bxc5 b6 20. Qa4 Rd8 21. Rfd1
Rxd1+ 22. Rxd1 bxc5 23. Qb5 Bf8 24. Qb7 c4 25. a4 c3 26. Qb3 Bg7 27. Kf1 Re7
28. Qb5 Rd7 29. Rc1 Qe6 30. h4 Rd5 31. Qb1 Qe4 32. Qxe4 fxe4 33. Ne1 Nb4 34.
Bxc7 c2 35. Ke2 Bb2 36. Nxc2 Bxc1 37. Nxb4 Rd2+ 38. Ke1 Rb2 39. Nd5 Ra2 40.
Nf6+ Kg7 41. Nxe4 Rxa4 42. Be5+ Kf7 43. Nd6+ Ke6 44. Bg3 Bb2 45. Kd2 Be5 46.
Bxe5 Kxe5 47. Nb5 Ra2+ 48. Kd3 a6 49. f4+ Kf6 50. Nc7 a5 51. g4 Rb2 52. g5+
hxg5 53. hxg5+ Kf7 54. Kc3 Rb7 55. Na6 a4 56. Nc5 Rc7 57. Kb4 Rxc5 0-1

[Event "Moscow-Open 2021_B"]
[Site "Moscow"]
[Date "2021.02.25"]
[Round "6.18"]
[White "Nosacheva, Mariya"]
[Black "Shestakova, Ekaterina"]
[Result "1-0"]
[WhiteElo "2222"]
[BlackElo "1959"]
[PlyCount "71"]
[EventDate "2021.02.20"]

1. e4 d5 2. exd5 Qxd5 3. Nc3 Qd8 4. Nf3 Nf6 5. Bc4 g6 6. Ne5 e6 7. d4 Bg7 8.
O-O O-O 9. Bg5 h6 10. Bh4 a6 11. a4 Nbd7 12. Qf3 g5 13. Bg3 Nb6 14. Rad1 Nxc4
15. Nxc4 Nd5 16. h4 Nxc3 17. Qxc3 Bd7 18. b3 b5 19. axb5 Bxb5 20. Rfe1 Rc8 21.
Be5 f6 22. Bh2 Qd7 23. Qb4 Rb8 24. Qc5 Bc6 25. Ne3 Rfd8 26. Qa7 Bb7 27. c4 Bf8
28. Ng4 Kg7 29. d5 e5 30. Nxf6 Kxf6 31. Bxe5+ Kg6 32. Qe3 Qf5 33. Bxc7 Bd6 34.
Qe6+ Qxe6 35. Rxe6+ Kf7 36. Bxd6 1-0

[Event "Moscow-Open 2021_B"]
[Site "Moscow"]
[Date "2021.02.25"]
[Round "6.19"]
[White "Bondareva, Daria"]
[Black "Zvereva, Margarita"]
[Result "1-0"]
[WhiteElo "2066"]
[BlackElo "1937"]
[PlyCount "115"]
[EventDate "2021.02.20"]

1. e4 e5 2. Nf3 Nc6 3. d4 exd4 4. Bc4 Bc5 5. c3 Nf6 6. e5 d5 7. Bb5 Ne4 8. Nxd4
O-O 9. Bxc6 bxc6 10. Be3 Bxd4 11. cxd4 f6 12. f3 fxe5 13. fxe4 Qh4+ 14. Kd2
exd4 15. Bxd4 Qxe4 16. Kc1 Rf4 17. Bc3 d4 18. Re1 Qd5 19. Bd2 Rf5 20. b3 Ba6
21. Qg4 Raf8 22. Qe4 Qc5+ 23. Kb2 Bb7 24. b4 Qb6 25. Qe6+ R5f7 26. Na3 Bc8 27.
Qb3 c5 28. Nc4 Be6 29. Nxb6 Bxb3 30. Kxb3 cxb6 31. bxc5 bxc5 32. Rg1 Rf2 33.
Be1 Rb8+ 34. Kc4 Rc2+ 35. Kd5 d3 36. Bg3 Rbb2 37. Be5 Rxa2 38. Rxa2 Rxa2 39.
Kxc5 Re2 40. Bc3 d2 41. Rd1 Rxg2 42. Rxd2 Rg5+ 43. Kd6 Kf7 44. Ra2 a6 45. Be5
h5 46. Kd5 Rg6 47. Rb2 Rg4 48. Rb7+ Kg8 49. Ra7 Rg6 50. Bd6 Rg5+ 51. Ke6 Rg6+
52. Ke7 Rg2 53. Rxa6 Kh7 54. Be5 g5 55. Kf6 g4 56. Ra7+ Kg8 57. Ra8+ Kh7 58.
Kg5 1-0

[Event "Moscow-Open 2021_B"]
[Site "Moscow"]
[Date "2021.02.25"]
[Round "6.20"]
[White "Vasiljeva, Anna"]
[Black "Afanasieva, Alexandra"]
[Result "1/2-1/2"]
[WhiteElo "1797"]
[BlackElo "1997"]
[PlyCount "80"]
[EventDate "2021.02.20"]

1. d4 Nf6 2. c4 e6 3. Nc3 Bb4 4. f3 d5 5. a3 Bxc3+ 6. bxc3 c5 7. cxd5 Nxd5 8.
Qd3 b6 9. e4 Ba6 10. Qd2 Bxf1 11. Kxf1 Ne7 12. Ne2 O-O 13. h4 cxd4 14. cxd4 f5
15. Qa2 fxe4 16. Qxe6+ Kh8 17. Qxe4 Nd7 18. Bg5 Nf6 19. Bxf6 Rxf6 20. Kf2 Qf8
21. Rhe1 Rd8 22. Nc3 Nf5 23. Nb5 a6 24. Nc7 Qd6 25. Qe5 Qd7 26. Qe8+ Rxe8 27.
Rxe8+ Qxe8 28. Nxe8 Rc6 29. Re1 Nxd4 30. Nc7 Kg8 31. Nxa6 Rc2+ 32. Kg3 Ne2+ 33.
Kg4 Nc3 34. Kh3 Ra2 35. Nb4 Rxa3 36. Re3 b5 37. Nd5 Nb1 38. Re7 Nc3 39. Nxc3
Rxc3 40. Rb7 Rb3 1/2-1/2

[Event "Moscow-Open 2021_B"]
[Site "Moscow"]
[Date "2021.02.25"]
[Round "6.21"]
[White "Baiburina, Kamilla"]
[Black "Laukhina, Margarita A."]
[Result "1-0"]
[WhiteElo "1829"]
[BlackElo "1761"]
[PlyCount "45"]
[EventDate "2021.02.20"]

1. c4 e6 2. g3 d5 3. Nf3 c6 4. Bg2 Bd6 5. d4 dxc4 6. a4 Bb4+ 7. Bd2 Qa5 8. Qc2
b5 9. O-O Bb7 10. axb5 Qxb5 11. Ne5 Nf6 12. Na3 Bxa3 13. Rxa3 O-O 14. Nxc4 Qh5
15. e4 Rd8 16. Ra5 Qg6 17. Ne5 Qh5 18. Nxc6 Nxc6 19. Rxh5 Nxh5 20. d5 exd5 21.
exd5 Ne7 22. d6 Nd5 23. Qb3 1-0

[Event "Moscow-Open 2021_B"]
[Site "Moscow"]
[Date "2021.02.25"]
[Round "6.22"]
[White "Korovina, Yana"]
[Black "Zavivaeva, Emilia"]
[Result "1-0"]
[WhiteElo "1531"]
[BlackElo "1826"]
[PlyCount "61"]
[EventDate "2021.02.20"]

1. e4 c5 2. c4 Nc6 3. Nc3 g6 4. d3 Bg7 5. g3 d6 6. Bg2 e6 7. Nge2 Nge7 8. O-O
O-O 9. f4 Rb8 10. Be3 Nd4 11. g4 f5 12. exf5 exf5 13. g5 a6 14. a4 b6 15. Nd5
Nxd5 16. Bxd5+ Kh8 17. Nxd4 cxd4 18. Bd2 Bb7 19. Qf3 Qd7 20. Rfe1 b5 21. cxb5
axb5 22. a5 b4 23. a6 Bxd5 24. Qxd5 Rb5 25. Qe6 Qc6 26. a7 Qa8 27. Qxd6 b3 28.
Re7 Qf3 29. Be1 Rg8 30. Rxg7 Re8 31. Re7 1-0

[Event "Moscow-Open 2021_B"]
[Site "Moscow"]
[Date "2021.02.25"]
[Round "6.23"]
[White "Ponomareva, Varvara"]
[Black "Kiseleva, Arina"]
[Result "1-0"]
[WhiteElo "1663"]
[BlackElo "2035"]
[PlyCount "81"]
[EventDate "2021.02.20"]

1. d4 d5 2. c4 e6 3. Nc3 Nf6 4. cxd5 exd5 5. Bg5 c6 6. e3 h6 7. Bh4 Bf5 8. Bd3
Bxd3 9. Qxd3 Nbd7 10. Nge2 Bd6 11. f3 Qe7 12. Bf2 O-O 13. O-O Nh7 14. e4 dxe4
15. fxe4 Rae8 16. Ng3 Bb8 17. Nf5 Qg5 18. Qh3 Ndf6 19. e5 Nd5 20. Nxd5 cxd5 21.
Bh4 Qd2 22. Qg4 g6 23. Rad1 h5 24. Rxd2 hxg4 25. Ne7+ Kg7 26. Nxd5 g5 27. Bg3
Kg6 28. Rdf2 f5 29. exf6 Bxg3 30. hxg3 Rd8 31. Rf5 Rd6 32. Re5 Rfd8 33. Rff5
Kf7 34. b3 b6 35. Kf2 Nxf6 36. Nxf6 Rxf6 37. Ke3 Rxf5 38. Rxf5+ Kg6 39. Rf2 Rc8
40. d5 Rc1 41. Kd4 1-0

[Event "Moscow-Open 2021_B"]
[Site "Moscow"]
[Date "2021.02.25"]
[Round "6.24"]
[White "Shenker, Angelina"]
[Black "Akulova, Taisiya"]
[Result "1/2-1/2"]
[WhiteElo "1652"]
[BlackElo "1833"]
[PlyCount "116"]
[EventDate "2021.02.20"]

1. d4 Nf6 2. Nf3 g6 3. g3 Bg7 4. Bg2 O-O 5. c4 c6 6. O-O d5 7. cxd5 cxd5 8. Ne5
Nc6 9. Nc3 Bf5 10. Nxc6 bxc6 11. Na4 Rc8 12. Bf4 Nd7 13. Rc1 f6 14. Rxc6 Rxc6
15. Bxd5+ Re6 16. Qb3 Kf7 17. g4 Bxg4 18. h3 Nb6 19. Nxb6 Qxb6 20. Qxb6 axb6
21. hxg4 Rd8 22. Bxe6+ Kxe6 23. Rd1 b5 24. e4 Rc8 25. Kf1 Rc2 26. Rd2 Rxd2 27.
Bxd2 f5 28. gxf5+ gxf5 29. e5 Kd5 30. Bc3 Kc4 31. a3 e6 32. Ke2 Bf8 33. Kf3 Be7
34. Kf4 Bd8 35. Ke3 Bb6 36. f4 Ba7 37. Kd2 Bxd4 38. b3+ Kd5 39. Kd3 Bf2 40. Bd2
Bc5 41. a4 bxa4 42. bxa4 Ba7 43. Be1 Bg1 44. Bg3 Bb6 45. Be1 Bd8 46. Bd2 Kc5
47. Be1 h5 48. Ke3 Kc4 49. Kf3 Kd4 50. a5 Kc5 51. Kg3 Kb5 52. Kh3 Be7 53. Bd2
Bd8 54. Be1 Be7 55. Bd2 Ka6 56. Be1 Kb7 57. Bd2 Kc6 58. Be1 Kb7 1/2-1/2